| 000 | 01649cai a22002175a 4500 | ||
|---|---|---|---|
| 001 | L140347 | ||
| 008 | 070919e20070417xxk f 100 0 eng d | ||
| 035 | _a(Sirsi) u140347 | ||
| 041 | 0 | _aeng | |
| 050 | 0 | 4 | _a338.1 $2 22 |
| 111 | 2 |
_aRoots Rural Research Conference 2007 _cRICS, London _d17 April 2007 |
|
| 245 | 0 | 4 |
_aThe financial impact of the Entry Level scheme in the uplands _ba case study assessment on farms in Teesdale _h[electronic resource] |
| 260 |
_aLondon _bRICS _c2007 |
||
| 520 | _aUsing a case study approach, assesses the income foregone as a result of participation in the Entry Level Scheme (ELS). Examines ELS impact on farm profit and the differences between the actual costs and income foregone and those assumed by the Department for the Environment, Food and Rural Affairs (DEFRA) in setting ELS payment rates. Finds that there is a substantial difference between the actual costs and income foregone and those assumed by DEFRA. The farms were therefore able to profit from their ELS agreements and it did make a positive contribution to farm income. Discusses issues about the principles involved, in particular the use of actual and notional costs and the overlap between agri-environment requirements and voluntary unpaid measures undertaken by farmers ex ante. Asks whether it is only those farmers who are able to profit who will enter the scheme. | ||
| 590 | _aka | ||
| 651 | 4 |
_aEngland and Wales _y1543- |
|
| 700 | 1 | _aWallis, Jonathan | |
| 700 | 1 | _aJones, James V.H. | |
| 856 | 4 | 0 |
_uhttps://www.rics.org/site/scripts/download_info.aspx?fileID=3537 _zView this article free of charge at www.rics.org... |
| 942 | _n0 | ||
| 999 |
_c107487 _d107487 |
||